00375nam a2200145Ia 4500008004100000020001400041041000800055082001700063100005500080245003000135260002800165300000700193365000700200650002200207210719s1963 xx 000 0 und d a133606511 aeng a320.473 BURG aBURNS (James Macgregor) and PELTASON (Jack Walter) aGovernment by the people. aNJbPrentice Hallc1963 bHB cRs aPolitical Thought